000 00354pam a2200145 a 4500
020 _c
041 _aeng
082 _bFLI
100 _aFlint Jan .
245 _aPrinciples of Virology Vol- 2 Pathogenwsis and Control
_hTextual Documents
250 _a2015 /
_b4th.
260 _a[s.l]:
_bASM Press Washington
300 _a437p.
930 _a1031
999 _c77957
_d77957